01386nac a22003737a 4500001001300000003000900013005001700022008003400039040005400073072001300127090002100140100002100161100001800182100001700200100002500217100001900242100002300261110005400284245011500338260003500453300001100488490007900499500003900578650002500617650002600642650002100668650002000689650004000709650003000749909004700779942001700826999001900843952015000862BR2011005878BR-BrBNA20240105123918.0230509b bl.|||m| |||| 00| 0 por d aBR-BrBNAbporcBiblioteca Nacional de Agricultura aE14; E50 aE14 BR20110058781 aFrazão, D.A.C.1 aHomma, A.K.O.1 aIshisuka, Y.1 aMenezes, A,J.E.A. de1 aMatos, G.B. de1 aRocha, A.C.P.N. da1 aEMBRAPA Amazônia Oriental, Belém, PA (Brasil)1 aIndicadores tecnológicos, econômicos e sociais em comunidades de pequenos agricultores de Tomé-Açu, PA3 aBelém, PA (Brasil): c2005.  a78 p.  aDocumentos - EMBRAPA Amazônia Oriental (Brazil)vno. 229xISSN 1517-2201 a15 illus.; Numerical data; 19 ref. aAGRICULTURA FAMILIAR aINDICADOR ECONÔMICO aINDICADOR SOCIAL aPESQUISA SOCIAL aDESENVOLVIMENTO SÓCIO-ECONÔMICO aAGRICULTURA SUSTENTÁVEL a202312bLúcia Elandec55dLúcia Elande 2AGRISn0cMS c297522d297522 002AGRIS40708Acervo Gerala41918b41918cAGROBASEl0oE14 BR2011005878pE14 BR2011005878r2023-12-18yMSePortaria Interministerial nº 164/94